[Event "3. Open de Calviá 2006 Aficionados"]
[Site "Calvia ESP"]
[Date "2006.10.17"]
[Round "7.7"]
[White "Diogo, Vasco"]
[Black "Rhein, Klaus"]
[Result "1/2-1/2"]
[WhiteElo "2220"]
[BlackElo "2082"]
[PlyCount "144"]
[EventDate "2006.10.20"]
[EventType "swiss"]
[EventRounds "9"]
[EventCountry "ESP"]
[Source "lmi"]
[SourceDate "2006.10.20"]

1. e4 c5 2. Nf3 e6 3. d4 cxd4 4. Nxd4 Nc6 5. Nc3 Qc7 6. Be3 a6 7. Be2 Nf6 8.
O-O Bb4 9. Na4 Be7 10. f3 d5 11. Nxc6 bxc6 12. exd5 cxd5 13. c4 O-O 14. Rc1
dxc4 15. Rxc4 Qb7 16. Qc2 Nd5 17. Bd4 Bd7 18. Nc5 Bxc5 19. Rxc5 Rfc8 20. Bd3 h6
21. Rxc8+ Rxc8 22. Qe2 Bb5 23. Qe5 Nf6 24. Be4 Qc7 25. Re1 Qxe5 26. Bxe5 Nxe4
27. fxe4 Rc2 28. Bc3 Bc4 29. a3 f6 30. Rd1 e5 31. Rd8+ Kf7 32. Rd7+ Kg6 33. h4
h5 34. Rd6 Kf7 35. Rd7+ Kg6 36. Rd6 Kh7 37. Rd7 Re2 38. g3 Rxe4 39. Rd2 Kg6 40.
Kf2 Kf5 41. Bb4 g5 42. hxg5 fxg5 43. Be7 h4 44. gxh4 Rxh4 45. Kg3 Rg4+ 46. Kh3
Bf1+ 47. Kh2 Rf4 48. Kg3 g4 49. Rf2 Bc4 50. Bd6 Rxf2 51. Kxf2 Kf4 52. b4 g3+
53. Kg1 Be2 54. a4 Bc4 55. Bc7 Bb3 56. b5 axb5 57. axb5 Bd5 58. Bd6 Bb7 59. Bc7
Kf5 60. Bb8 Bf3 61. Bc7 Ke6 62. Bb8 Kd5 63. Bc7 Kd4 64. Bb6+ Kc4 65. Bc7 Kd5
66. Bb8 Ke6 67. Bc7 Bb7 68. Bb8 Kf5 69. Bc7 g2 70. Kf2 Kf4 71. Bd6 Bf3 72. b6
Bb7 1/2-1/2

[Event "3. Open de Calviá 2006 Aficionados"]
[Site "Calvia ESP"]
[Date "2006.10.17"]
[Round "7.9"]
[White "Kitchlew, Andrew"]
[Black "Fogel, Pierre"]
[Result "0-1"]
[WhiteElo "2107"]
[BlackElo "2202"]
[PlyCount "108"]
[EventDate "2006.10.20"]
[EventType "swiss"]
[EventRounds "9"]
[EventCountry "ESP"]
[Source "lmi"]
[SourceDate "2006.10.20"]

1. d4 d5 2. Nf3 Nf6 3. e3 e6 4. Bd3 c5 5. b3 Nbd7 6. O-O Be7 7. Bb2 O-O 8. Nbd2
b6 9. Ne5 Nxe5 10. dxe5 Nd7 11. f4 f5 12. Rf3 Bb7 13. Rh3 g6 14. g4 Rf7 15.
gxf5 gxf5 16. Kf2 Rg7 17. Qf3 c4 18. Qh5 cxd3 19. Rg1 Nf8 20. Rxg7+ Kxg7 21.
Qh6+ Kg8 22. Rg3+ Ng6 23. Rxg6+ hxg6 24. Qxg6+ Kf8 25. Qxe6 Bh4+ 26. Kf1 Qe7
27. Qxf5+ Ke8 28. Qxd3 Rc8 29. Nf3 Rc6 30. Qf5 Ba6+ 31. Kg1 Qg7+ 32. Kh1 Be7
33. c4 dxc4 34. bxc4 Rxc4 35. Qh5+ Kd8 36. Ng5 Bb7+ 37. Kg1 Bxg5 38. fxg5 Rc7
39. g6 Bd5 40. h4 Rc2 41. e6 Rxb2 42. Qxd5+ Kc7 43. h5 Rb4 44. Kg2 a6 45. Kg3
Rb5 46. Qd4 Qxd4 47. exd4 Rxh5 48. Kg4 Rh1 49. Kg5 Kd6 50. d5 Ke7 51. Kf5 Rh5+
52. Kg4 Rxd5 53. g7 Rd8 54. Kf5 b5 0-1

[Event "3. Open de Calviá 2006 Aficionados"]
[Site "Calvia ESP"]
[Date "2006.10.17"]
[Round "7.10"]
[White "Galvao, Henrique"]
[Black "Martin Rodriguez, Emilio"]
[Result "1-0"]
[WhiteElo "2181"]
[BlackElo "2130"]
[PlyCount "105"]
[EventDate "2006.10.20"]
[EventType "swiss"]
[EventRounds "9"]
[EventCountry "ESP"]
[Source "lmi"]
[SourceDate "2006.10.20"]

1. e4 c6 2. d4 d5 3. e5 c5 4. dxc5 e6 5. Be3 Nd7 6. Nf3 Bxc5 7. Bd4 Qb6 8. Nc3
Bxd4 9. Qxd4 Qxd4 10. Nxd4 Nxe5 11. Ndb5 Ke7 12. O-O-O Nf6 13. Re1 Ng6 14. Nc7
Rb8 15. N7xd5+ Nxd5 16. Nxd5+ Kd6 17. Nc3 Bd7 18. Bd3 Rhc8 19. Rd1 Ke7 20. Rhe1
Bc6 21. Be4 Rc7 22. g3 Rbc8 23. f4 Bxe4 24. Rxe4 Kf6 25. g4 Ne7 26. h4 g6 27.
Rd6 Kg7 28. Red4 h5 29. f5 hxg4 30. f6+ Kxf6 31. Rxg4 Kg7 32. h5 Nf5 33. Rd2
Rc4 34. Rxc4 Rxc4 35. hxg6 Kxg6 36. Rd7 Rb4 37. a3 Rb6 38. Na4 Rd6 39. Rxb7 e5
40. c4 Ne3 41. b3 f5 42. c5 Rd1+ 43. Kb2 f4 44. c6 Rd6 45. c7 Rc6 46. Rxa7 Kf5
47. Nb6 f3 48. c8=Q+ Rxc8 49. Nxc8 e4 50. Re7 f2 51. Nd6+ Kg4 52. Rf7 Nd1+ 53.
Kc1 1-0

[Event "3. Open de Calviá 2006 Aficionados"]
[Site "Calvia ESP"]
[Date "2006.10.17"]
[Round "7.11"]
[White "Feiguelman, Boris Dr"]
[Black "Van Hoolandt, Patrick"]
[Result "0-1"]
[WhiteElo "2092"]
[BlackElo "2282"]
[PlyCount "76"]
[EventDate "2006.10.20"]
[EventType "swiss"]
[EventRounds "9"]
[EventCountry "ESP"]
[Source "lmi"]
[SourceDate "2006.10.20"]

1. e4 e5 2. f4 exf4 3. Nf3 g5 4. Bc4 Bg7 5. h4 h6 6. d4 d6 7. c3 Nc6 8. O-O Qe7
9. Qb3 g4 10. Bxf4 gxf3 11. Rxf3 Nf6 12. Nd2 O-O 13. Bd3 Nh5 14. g3 Bxd4+ 15.
cxd4 Nxd4 16. Qd5 Nxf3+ 17. Nxf3 Nxf4 18. gxf4 Qe6 19. Qd4 Qg4+ 20. Kf2 Qxf4
21. Rg1+ Bg4 22. Qe3 Qxe3+ 23. Kxe3 h5 24. Nh2 Kh8 25. Nxg4 hxg4 26. Rxg4 Rg8
27. Rf4 Rg3+ 28. Kd2 Kg7 29. h5 Rh8 30. Rf5 Rh6 31. b4 Rf6 32. Ra5 Rf2+ 33. Kc3
c6 34. Kd4 Rd2 35. Ra3 b5 36. Rc3 c5+ 37. bxc5 dxc5+ 38. Rxc5 Rdxd3+ 0-1

[Event "3. Open de Calviá 2006 Aficionados"]
[Site "Calvia ESP"]
[Date "2006.10.17"]
[Round "7.12"]
[White "Perez Prieto, German"]
[Black "Pascual Genoves, Marc"]
[Result "0-1"]
[WhiteElo "2079"]
[BlackElo "2206"]
[PlyCount "90"]
[EventDate "2006.10.20"]
[EventType "swiss"]
[EventRounds "9"]
[EventCountry "ESP"]
[Source "lmi"]
[SourceDate "2006.10.20"]

1. e4 g6 2. d4 d6 3. g3 Bg7 4. Bg2 Nf6 5. Nc3 O-O 6. Nge2 e5 7. O-O Nc6 8. d5
Ne7 9. h3 c6 10. Be3 cxd5 11. exd5 Nf5 12. Bg5 h6 13. Bxf6 Bxf6 14. Ne4 Bg7 15.
c4 b6 16. b4 a5 17. a3 Ba6 18. Qb3 Rc8 19. Rac1 Ne7 20. f4 exf4 21. Nxf4 Nf5
22. Ne2 Nd4 23. Nxd4 Bxd4+ 24. Kh1 f5 25. Qd3 Bb2 26. Rc2 fxe4 27. Rxf8+ Qxf8
28. Qxe4 Qf6 29. h4 Be5 30. Bh3 Rf8 31. h5 Qf3+ 32. Qxf3 Rxf3 33. Be6+ Kg7 34.
hxg6 Kxg6 35. c5 dxc5 36. bxc5 Bd3 37. Rc1 Be4 38. Kg1 Rxg3+ 39. Kf2 bxc5 40.
Re1 Rf3+ 41. Ke2 Bd4 42. d6 Re3+ 43. Kd2 Rxe1 44. Kxe1 Bf6 45. Kd2 Bf5 0-1

[Event "3. Open de Calviá 2006 Aficionados"]
[Site "Calvia ESP"]
[Date "2006.10.17"]
[Round "7.13"]
[White "Moran Rodriguez, Luciano"]
[Black "Fischer, Marcel"]
[Result "1-0"]
[WhiteElo "2130"]
[BlackElo "2004"]
[PlyCount "61"]
[EventDate "2006.10.20"]
[EventType "swiss"]
[EventRounds "9"]
[EventCountry "ESP"]
[Source "lmi"]
[SourceDate "2006.10.20"]

1. e4 c6 2. d4 d5 3. e5 c5 4. c3 Nc6 5. a3 cxd4 6. cxd4 Qb6 7. Ne2 Bg4 8. f3
Bf5 9. Nbc3 e6 10. Na4 Qd8 11. Be3 Nge7 12. Nc5 Nc8 13. b4 Rb8 14. Rc1 Bxc5 15.
Rxc5 Nb6 16. g4 Bg6 17. Nf4 Nd7 18. Rc1 Qb6 19. Bf2 O-O 20. Be2 a5 21. b5 Na7
22. a4 Rbc8 23. Nxg6 fxg6 24. O-O Rxc1 25. Qxc1 Rc8 26. Qg5 Rc2 27. Bd1 Rc3 28.
h4 Nf8 29. Qd2 Qc7 30. b6 Qxb6 31. Qxc3 1-0

[Event "3. Open de Calviá 2006 Aficionados"]
[Site "Calvia ESP"]
[Date "2006.10.17"]
[Round "7.14"]
[White "Sarto Ramos, Angel"]
[Black "Luijpen, Michiel"]
[Result "1-0"]
[WhiteElo "2069"]
[BlackElo "2126"]
[PlyCount "89"]
[EventDate "2006.10.20"]
[EventType "swiss"]
[EventRounds "9"]
[EventCountry "ESP"]
[Source "lmi"]
[SourceDate "2006.10.20"]

1. g3 Nf6 2. c4 g6 3. Bg2 d5 4. cxd5 Nxd5 5. Nc3 Nxc3 6. bxc3 c5 7. Nf3 Bg7 8.
O-O O-O 9. d4 Nc6 10. e3 cxd4 11. cxd4 Be6 12. Qa4 a6 13. Bd2 b5 14. Qa3 Qb6
15. Rfc1 b4 16. Qb2 Bd5 17. Qc2 Rfc8 18. Qc5 Qxc5 19. Rxc5 e6 20. Rac1 Bf8 21.
R5c2 Be4 22. Rb2 a5 23. Ne1 Bxg2 24. Kxg2 Na7 25. Rbc2 Rxc2 26. Rxc2 Rc8 27.
Kf3 f6 28. Rxc8 Nxc8 29. Ke4 Kf7 30. Kd3 Nb6 31. Nc2 Ke8 32. e4 Kd7 33. Ne3 Kd6
34. Nc4+ Nxc4 35. Kxc4 Be7 36. d5 exd5+ 37. exd5 Kd7 38. Kb5 Kd6 39. Kxa5 Kxd5
40. Bxb4 Bd8+ 41. Kb5 Ke4 42. a4 Kf3 43. Bc5 g5 44. a5 Bxa5 45. Kxa5 1-0

[Event "3. Open de Calviá 2006 Aficionados"]
[Site "Calvia ESP"]
[Date "2006.10.17"]
[Round "7.15"]
[White "Ruiz Vinals, Matias"]
[Black "Niculae, Alexandru"]
[Result "1-0"]
[WhiteElo "2030"]
[BlackElo "2110"]
[PlyCount "97"]
[EventDate "2006.10.20"]
[EventType "swiss"]
[EventRounds "9"]
[EventCountry "ESP"]
[Source "lmi"]
[SourceDate "2006.10.20"]

1. d4 d5 2. c4 c6 3. Nc3 e6 4. e4 dxe4 5. Nxe4 Nd7 6. Nf3 Ngf6 7. Bd3 Be7 8.
O-O O-O 9. Bf4 Nxe4 10. Bxe4 Nf6 11. Bc2 c5 12. Qd3 cxd4 13. Be5 g6 14. Bxd4
Nd7 15. Rad1 Qc7 16. Qe3 Bf6 17. Qh6 e5 18. Be3 Bg7 19. Qh4 f6 20. b4 a5 21. c5
axb4 22. Qxb4 Nb8 23. Nh4 Be6 24. Rd6 Nc6 25. Qc3 Bf7 26. Bb3 Rfd8 27. Rfd1 Bf8
28. Rxd8 Rxd8 29. Qc2 Nd4 30. Bxd4 Rxd4 31. Rxd4 exd4 32. Nf3 Qxc5 33. Bxf7+
Kxf7 34. Qb3+ Kg7 35. Qxb7+ Be7 36. g3 d3 37. Qe4 Qd6 38. Qe3 Bd8 39. Qd2 Qd5
40. Ne1 Ba5 41. Qxd3 Qxa2 42. Nf3 Qe6 43. Nd4 Qd5 44. Qe3 Bb6 45. Qe7+ Kh6 46.
Ne6 Qd1+ 47. Kg2 Qd5+ 48. f3 Qd2+ 49. Kh3 1-0

[Event "3. Open de Calviá 2006 Aficionados"]
[Site "Calvia ESP"]
[Date "2006.10.17"]
[Round "7.16"]
[White "Vazquez Gonzalez, Jesus"]
[Black "Delgadillo Torrico, Felipe"]
[Result "1/2-1/2"]
[WhiteElo "2185"]
[BlackElo "2065"]
[PlyCount "142"]
[EventDate "2006.10.20"]
[EventType "swiss"]
[EventRounds "9"]
[EventCountry "ESP"]
[Source "lmi"]
[SourceDate "2006.10.20"]

1. e4 c5 2. Nf3 d6 3. d4 cxd4 4. Nxd4 Nf6 5. Nc3 a6 6. Be2 e6 7. O-O Be7 8. Be3
Bd7 9. f4 Nc6 10. Qe1 b5 11. a3 O-O 12. Qg3 Nxd4 13. Bxd4 Bc6 14. Rae1 Ne8 15.
Qh3 Bf6 16. Bxf6 Nxf6 17. Bd3 e5 18. Nd5 Nd7 19. Re3 Nc5 20. Rg3 Kh8 21. Qg4
Rg8 22. Rh3 h6 23. f5 Bxd5 24. exd5 Qf6 25. Be2 Rgc8 26. b3 Nd7 27. c3 Rc5 28.
b4 Rc7 29. Rff3 Nb6 30. Qe4 Rac8 31. g4 Qg5 32. f6 Rc4 33. fxg7+ Kxg7 34. Bxc4
Rxc4 35. Qe3 Rxg4+ 36. Rhg3 Qxe3+ 37. Rxe3 Rxg3+ 38. Rxg3+ Kf6 39. Rh3 Kg6 40.
Rg3+ Kf6 41. Rg8 Nxd5 42. Rc8 Ke6 43. Rc6 f5 44. a4 bxa4 45. Rxa6 Nxc3 46. Rc6
Nb5 47. Rb6 Nc3 48. Rc6 Ne2+ 49. Kf2 Nd4 50. Ra6 Kd5 51. Rxa4 Kc4 52. Ra6 Nb5
53. Ra8 Kxb4 54. Rh8 Kc4 55. Rxh6 d5 56. h4 Nc3 57. Rc6+ Kd3 58. Rxc3+ Kxc3 59.
h5 d4 60. h6 d3 61. h7 d2 62. h8=Q d1=Q 63. Qxe5+ Qd4+ 64. Qxd4+ Kxd4 65. Kf3
Ke5 66. Ke3 f4+ 67. Kf3 Kf5 68. Kf2 Kg4 69. Kg2 f3+ 70. Kf2 Kf4 71. Ke1 Kg4
1/2-1/2

[Event "3. Open de Calviá 2006 Aficionados"]
[Site "Calvia ESP"]
[Date "2006.10.17"]
[Round "7.17"]
[White "Galiana, Juan Ramon"]
[Black "Loerke, Reinhard"]
[Result "0-1"]
[WhiteElo "2291"]
[BlackElo "2014"]
[PlyCount "78"]
[EventDate "2006.10.20"]
[EventType "swiss"]
[EventRounds "9"]
[EventCountry "ESP"]
[Source "lmi"]
[SourceDate "2006.10.20"]

1. e4 e5 2. Nf3 Nc6 3. Bb5 Bc5 4. O-O Nd4 5. Nxd4 Bxd4 6. c3 Bb6 7. Na3 c6 8.
Ba4 Bc7 9. d3 f5 10. Bb3 Nf6 11. Bg5 h6 12. Bxf6 Qxf6 13. f4 exf4 14. e5 Bxe5
15. Re1 Kd8 16. Qe2 Bc7 17. d4 d6 18. Qf3 g5 19. d5 Bb6+ 20. Kh1 Bd7 21. Nc4
Kc7 22. a4 Bc5 23. Na5 Be3 24. dxc6 bxc6 25. Rad1 Rab8 26. Qf1 Rb6 27. Qd3 Bc8
28. Qc2 d5 29. c4 Ra6 30. Ba2 Rxa5 31. b4 Ra6 32. cxd5 Rb6 33. d6+ Kd7 34. Qc4
Re8 35. Re2 Bb7 36. Rc2 f3 37. gxf3 c5 38. bxc5 Bxf3+ 39. Rg2 Rb2 0-1

[Event "3. Open de Calviá 2006 Aficionados"]
[Site "Calvia ESP"]
[Date "2006.10.17"]
[Round "7.19"]
[White "Castell Cantero, Salvador"]
[Black "Gilabert Mallol, Estanislau"]
[Result "1-0"]
[WhiteElo "2111"]
[BlackElo "1976"]
[PlyCount "89"]
[EventDate "2006.10.20"]
[EventType "swiss"]
[EventRounds "9"]
[EventCountry "ESP"]
[Source "lmi"]
[SourceDate "2006.10.20"]

1. d4 d5 2. c4 Bf5 3. Nc3 e6 4. Nf3 Nc6 5. Bf4 Nf6 6. e3 Be7 7. Be2 dxc4 8.
Bxc4 a6 9. O-O O-O 10. Nh4 Bg4 11. Nf3 Bd6 12. Bxd6 Qxd6 13. Be2 Rfd8 14. Qb3
b5 15. Rac1 Na5 16. Qc2 Nb7 17. Ne4 Nxe4 18. Qxe4 Bxf3 19. Bxf3 Na5 20. Qd3 Ra7
21. Qc3 Nc4 22. b3 Nb6 23. Qc5 Kf8 24. Rc2 Ke7 25. Rfc1 Qxc5 26. Rxc5 Rd7 27.
Kf1 Nd5 28. a3 b4 29. Bxd5 exd5 30. axb4 Rb7 31. b5 axb5 32. b4 Kd6 33. Rc6+
Ke7 34. R1c5 f6 35. Ra6 Kf7 36. Ra5 Rb6 37. Raxb5 Ra6 38. Rxd5 Ra1+ 39. Ke2 Re7
40. Rdc5 Ra2+ 41. Kf3 g5 42. Rb7 Kg6 43. Rcxc7 Re6 44. Rg7+ Kf5 45. g4# 1-0

[Event "3. Open de Calviá 2006 Aficionados"]
[Site "Calvia ESP"]
[Date "2006.10.17"]
[Round "7.20"]
[White "Tanco Salas, Jesus Mara"]
[Black "Bergas Ferriol, Jeronimo"]
[Result "0-1"]
[WhiteElo "1995"]
[BlackElo "2108"]
[PlyCount "92"]
[EventDate "2006.10.20"]
[EventType "swiss"]
[EventRounds "9"]
[EventCountry "ESP"]
[Source "lmi"]
[SourceDate "2006.10.20"]

1. Nf3 d6 2. d4 Nf6 3. g3 g6 4. b3 Bg7 5. Bb2 O-O 6. Bg2 c6 7. O-O Na6 8. c4 h6
9. Nc3 Bg4 10. Qd2 Qd7 11. e4 Rad8 12. d5 Ne8 13. Rfe1 Nac7 14. Rab1 e5 15.
dxe6 Nxe6 16. e5 Bxf3 17. Bxf3 dxe5 18. Qxd7 Rxd7 19. Ba3 Nd4 20. Bd1 Nd6 21.
Ne4 Nxe4 22. Bxf8 Nd2 23. Bxg7 Kxg7 24. Rb2 N2f3+ 25. Bxf3 Nxf3+ 26. Kf1 Nxe1
27. Kxe1 f5 28. Ke2 Kf6 29. f3 g5 30. Rc2 h5 31. Ke3 f4+ 32. Ke2 Kf5 33. Rb2 g4
34. Rc2 gxf3+ 35. Kxf3 e4+ 36. Kg2 e3 37. Re2 Rd2 38. Kf3 Rxe2 39. Kxe2 fxg3
40. hxg3 Kg4 41. Kxe3 Kxg3 42. Ke4 h4 43. Ke5 h3 44. Kd6 h2 45. Kc7 h1=Q 46.
Kxb7 Qb1 0-1

[Event "3. Open de Calviá 2006 Aficionados"]
[Site "Calvia ESP"]
[Date "2006.10.18"]
[Round "8.1"]
[White "Vrban, Mladen"]
[Black "Lacrosse, Marc"]
[Result "1-0"]
[WhiteElo "2297"]
[BlackElo "2238"]
[PlyCount "83"]
[EventDate "2006.10.20"]
[EventType "swiss"]
[EventRounds "9"]
[EventCountry "ESP"]
[Source "lmi"]
[SourceDate "2006.10.20"]

1. Nf3 d5 2. g3 Bg4 3. Bg2 Nd7 4. b3 c6 5. Bb2 Ngf6 6. d3 e6 7. Nbd2 Bc5 8. O-O
O-O 9. h3 Bh5 10. a4 a5 11. Qc1 Re8 12. e4 dxe4 13. dxe4 e5 14. Bc3 Qc7 15. Re1
Rad8 16. Nc4 b6 17. Qb2 Bb4 18. Bxb4 axb4 19. Rad1 b5 20. axb5 cxb5 21. Nd6 Re6
22. Nxb5 Qb6 23. c4 bxc3 24. Nxc3 Rb8 25. g4 Bg6 26. g5 Qxb3 27. Qxb3 Rxb3 28.
gxf6 Nxf6 29. Rd8+ Re8 30. Rxe8+ Nxe8 31. Nd5 f6 32. Ne7+ Kf7 33. Nxg6 Kxg6 34.
Rc1 Nd6 35. Rc6 Nf7 36. Nh4+ Kh5 37. Nf5 Ng5 38. Nxg7+ Kg6 39. Ne8 Nf3+ 40.
Bxf3 Rxf3 41. Kg2 Rf4 42. f3 1-0

[Event "3. Open de Calviá 2006 Aficionados"]
[Site "Calvia ESP"]
[Date "2006.10.18"]
[Round "8.3"]
[White "Ehsan, Ali"]
[Black "Uribe Arteaga, Daniel"]
[Result "0-1"]
[WhiteElo "2236"]
[BlackElo "2202"]
[PlyCount "84"]
[EventDate "2006.10.20"]
[EventType "swiss"]
[EventRounds "9"]
[EventCountry "ESP"]
[Source "lmi"]
[SourceDate "2006.10.20"]

1. e4 c5 2. b3 e5 3. Bb2 d6 4. f4 exf4 5. Nf3 Nf6 6. Nc3 Be7 7. Bb5+ Bd7 8. Qe2
O-O 9. Bxd7 Nbxd7 10. O-O-O Re8 11. g3 fxg3 12. hxg3 Ne5 13. Rdf1 Qd7 14. Nxe5
dxe5 15. Rf5 Bd8 16. Rhf1 Re6 17. Nd5 h6 18. Bxe5 Nxd5 19. exd5 Qxd5 20. c4 Qd4
21. Bxd4 Rxe2 22. Bxc5 Bg5 23. Rd5 b6 24. Bb4 Rd8 25. Rxd8+ Bxd8 26. Bd6 Bg5
27. Bf4 Bxf4 28. Rxf4 Kf8 29. b4 Ke7 30. c5 f6 31. cxb6 axb6 32. Rd4 h5 33. a4
Re5 34. Kc2 g5 35. Rc4 f5 36. Rc7+ Kf6 37. Rc6+ Re6 38. Rxe6+ Kxe6 39. Kd3 Kd5
40. Kc3 h4 41. a5 bxa5 42. bxa5 h3 0-1

[Event "3. Open de Calviá 2006 Aficionados"]
[Site "Calvia ESP"]
[Date "2006.10.18"]
[Round "8.5"]
[White "Fogel, Pierre"]
[Black "Galvao, Henrique"]
[Result "1-0"]
[WhiteElo "2202"]
[BlackElo "2181"]
[PlyCount "55"]
[EventDate "2006.10.20"]
[EventType "swiss"]
[EventRounds "9"]
[EventCountry "ESP"]
[Source "lmi"]
[SourceDate "2006.10.20"]

1. d4 Nf6 2. c4 e5 3. dxe5 Ng4 4. Nf3 Nc6 5. Bf4 Bc5 6. e3 d6 7. exd6 Qf6 8.
Qd2 Bf5 9. Nc3 Nb4 10. Rc1 O-O-O 11. Nd5 Nxd5 12. cxd5 Bxd6 13. Bg5 Qg6 14.
Bxd8 Rxd8 15. Qd4 Kb8 16. Be2 Qh6 17. a3 Re8 18. h3 Re4 19. Qd2 Rxe3 20. Rc3
Bf4 21. Rxe3 Nxe3 22. fxe3 Bxe3 23. Qc3 a5 24. d6 cxd6 25. Qxa5 Qf4 26. Qd8+
Ka7 27. Qh4 Bd2+ 28. Kd1 1-0

[Event "3. Open de Calviá 2006 Aficionados"]
[Site "Calvia ESP"]
[Date "2006.10.18"]
[Round "8.6"]
[White "Babataeva, Indira"]
[Black "Skorna, Ullrich"]
[Result "0-1"]
[WhiteElo "2194"]
[BlackElo "2098"]
[PlyCount "91"]
[EventDate "2006.10.20"]
[EventType "swiss"]
[EventRounds "9"]
[EventCountry "ESP"]
[Source "lmi"]
[SourceDate "2006.10.20"]

1. e4 e6 2. d4 d5 3. Nd2 Nc6 4. Ngf3 Nf6 5. e5 Nd7 6. Nb3 a5 7. a4 b6 8. Bb5
Na7 9. Be2 Be7 10. O-O O-O 11. Be3 c5 12. c3 c4 13. Nbd2 Rb8 14. Ne1 Qc7 15. f4
f6 16. exf6 Nxf6 17. b3 b5 18. bxc4 dxc4 19. axb5 Nd5 20. Nxc4 Nxb5 21. Bd3
Nxe3 22. Nxe3 Bf6 23. Qb1 Qxc3 24. Bxh7+ Kh8 25. Ng4 Bxd4+ 26. Kh1 e5 27. Qg6
Bxg4 28. Qxg4 Kxh7 29. Nf3 Qc6 30. Ng5+ Kg8 31. Ne6 Qd7 32. f5 Bxa1 33. Rxa1
Nd4 34. Nxf8 Kxf8 35. Qh4 Kg8 36. f6 Qf5 37. h3 Qxf6 38. Qe4 Nf5 39. Kh2 Nd6
40. Qd5+ Kh8 41. Ra4 Rb4 42. Ra1 Qf4+ 43. Kh1 Nf5 44. Qxa5 Ng3+ 45. Kg1 Rb2 46.
Qd5 0-1

[Event "3. Open de Calviá 2006 Aficionados"]
[Site "Calvia ESP"]
[Date "2006.10.18"]
[Round "8.7"]
[White "Van Hoolandt, Patrick"]
[Black "Moran Rodriguez, Luciano"]
[Result "1/2-1/2"]
[WhiteElo "2282"]
[BlackElo "2130"]
[PlyCount "118"]
[EventDate "2006.10.20"]
[EventType "swiss"]
[EventRounds "9"]
[EventCountry "ESP"]
[Source "lmi"]
[SourceDate "2006.10.20"]

1. d4 d5 2. c4 dxc4 3. e4 e5 4. d5 Bd6 5. Bxc4 Nf6 6. Nc3 O-O 7. Bg5 a6 8. a3
Nbd7 9. Nge2 Re8 10. h4 Rb8 11. b4 Qe7 12. Ng3 Qf8 13. Be2 Kh8 14. h5 Ng8 15.
Rb1 f6 16. Be3 Ne7 17. Qd3 Ra8 18. Bg4 Rd8 19. Qc2 Nb6 20. Bxc8 Nbxc8 21. Na4
b6 22. O-O Qe8 23. Nc5 bxc5 24. bxc5 c6 25. cxd6 Nxd6 26. dxc6 Nxc6 27. Bb6
Rdc8 28. Qd3 Nb5 29. a4 Nbd4 30. a5 h6 31. Rfd1 Ne6 32. Qd7 Qxd7 33. Rxd7 Ncd4
34. Nf5 Nxf5 35. exf5 Nd4 36. Bxd4 exd4 37. Rbb7 Rc1+ 38. Kh2 Rg8 39. g4 Rc5
40. Rxd4 Rxa5 41. Rdd7 Ra4 42. Kg3 a5 43. g5 hxg5 44. h6 Rh4 45. hxg7+ Kh7 46.
Rf7 Rh6 47. Ra7 a4 48. f4 gxf4+ 49. Kxf4 a3 50. Rxa3 Rxg7 51. Rxg7+ Kxg7 52.
Ra7+ Kf8 53. Ke4 Rh5 54. Rc7 Kg8 55. Rc1 Kf7 56. Rc7+ Kg8 57. Ra7 Kf8 58. Rb7
Kg8 59. Ra7 Rh8 1/2-1/2

[Event "3. Open de Calviá 2006 Aficionados"]
[Site "Calvia ESP"]
[Date "2006.10.18"]
[Round "8.8"]
[White "Hallerod, Ralph"]
[Black "Diogo, Vasco"]
[Result "1/2-1/2"]
[WhiteElo "2180"]
[BlackElo "2220"]
[PlyCount "94"]
[EventDate "2006.10.20"]
[EventType "swiss"]
[EventRounds "9"]
[EventCountry "ESP"]
[Source "lmi"]
[SourceDate "2006.10.20"]

1. d4 d5 2. c4 c6 3. Nf3 Nf6 4. Nc3 a6 5. c5 g6 6. Bf4 Bg7 7. h3 O-O 8. e3 Nbd7
9. Be2 Ne8 10. O-O Nc7 11. Rc1 Re8 12. e4 dxe4 13. Bxc7 Qxc7 14. Nxe4 Nf6 15.
Nxf6+ exf6 16. Bc4 Be6 17. Qb3 Qd7 18. Rcd1 Bxc4 19. Qxc4 Rad8 20. Rfe1 Rxe1+
21. Rxe1 f5 22. Kf1 Bf6 23. Re3 Kg7 24. Rb3 Qe7 25. Qb4 Rd7 26. g3 g5 27. Re3
Qd8 28. Qc4 Bxd4 29. Nxd4 Rxd4 30. Qc3 Qf6 31. Rf3 Rd1+ 32. Ke2 Qxc3 33. Rxc3
Rd5 34. Rb3 Rd7 35. Rd3 Rc7 36. Kd2 Re7 37. Rd6 Re5 38. Rd7 Rxc5 39. Rxb7 Kg6
40. b4 Rb5 41. Rc7 Rxb4 42. Rxc6+ f6 43. Rxa6 f4 44. g4 Rb2+ 45. Ke1 Rb1+ 46.
Ke2 Rh1 47. Ra3 h5 1/2-1/2

[Event "3. Open de Calviá 2006 Aficionados"]
[Site "Calvia ESP"]
[Date "2006.10.18"]
[Round "8.9"]
[White "Pascual Genoves, Marc"]
[Black "Sarto Ramos, Angel"]
[Result "1-0"]
[WhiteElo "2206"]
[BlackElo "2069"]
[PlyCount "129"]
[EventDate "2006.10.20"]
[EventType "swiss"]
[EventRounds "9"]
[EventCountry "ESP"]
[Source "lmi"]
[SourceDate "2006.10.20"]

1. e4 g6 2. d4 c6 3. Nc3 d5 4. h3 Bg7 5. Nf3 dxe4 6. Nxe4 Nd7 7. Bc4 Ndf6 8.
Ng3 Nh6 9. Qe2 Nf5 10. Nxf5 Bxf5 11. Bf4 Nd5 12. Be5 Bxe5 13. Qxe5 O-O 14.
O-O-O Qb8 15. Rhe1 Re8 16. Bxd5 cxd5 17. Qxd5 Qc7 18. c3 Be6 19. Rxe6 fxe6 20.
Qxe6+ Kg7 21. Qe5+ Qxe5 22. Nxe5 Rad8 23. Re1 Rd5 24. Kc2 Rf8 25. f3 h5 26. Re4
g5 27. c4 Ra5 28. a3 Rf4 29. Rxf4 gxf4 30. Kd3 Ra6 31. c5 Kf6 32. Ke4 Kg5 33.
d5 Ra4+ 34. Kd3 Ra5 35. Kc4 Kf6 36. Nd3 Ra4+ 37. Kc3 Kf7 38. Nb4 b5 39. c6 Ke8
40. b3 Rxa3 41. Nd3 a5 42. Kb2 b4 43. c7 Kd7 44. Ne5+ Kxc7 45. Nc4 h4 46. Nxa3
bxa3+ 47. Kxa3 Kd6 48. Ka4 Kxd5 49. Kxa5 Kd4 50. b4 Ke3 51. b5 Kf2 52. b6 Kxg2
53. b7 Kxh3 54. b8=Q Kg3 55. Qc8 Kxf3 56. Qh3+ Ke2 57. Qxh4 f3 58. Qe4+ Kf2 59.
Kb4 Kg3 60. Qe5+ Kg2 61. Qg5+ Kf2 62. Kc3 Ke2 63. Qd2+ Kf1 64. Kd3 e5 65. Ke3
1-0

[Event "3. Open de Calviá 2006 Aficionados"]
[Site "Calvia ESP"]
[Date "2006.10.18"]
[Round "8.10"]
[White "Rhein, Klaus"]
[Black "Hutchinson, Paul A"]
[Result "1-0"]
[WhiteElo "2082"]
[BlackElo "2178"]
[PlyCount "63"]
[EventDate "2006.10.20"]
[EventType "swiss"]
[EventRounds "9"]
[EventCountry "ESP"]
[Source "lmi"]
[SourceDate "2006.10.20"]

1. e4 d5 2. exd5 Qxd5 3. Nc3 Qa5 4. Bc4 Nf6 5. d3 Bg4 6. f3 Bh5 7. Bd2 c6 8.
Qe2 Qc7 9. g4 Bg6 10. O-O-O h5 11. g5 Nfd7 12. Nh3 Bf5 13. Nf4 g6 14. Rde1 Nb6
15. Bb3 Na6 16. Ne4 Bg7 17. Ng3 Bc8 18. Qe3 Qd6 19. Ne4 Qd4 20. Qxd4 Bxd4 21.
Nd6+ Kf8 22. Nxf7 Rg8 23. Nd8 e5 24. Nde6+ Ke7 25. Nxd4 Rg7 26. Rxe5+ Kd6 27.
Rhe1 Bd7 28. Nfe6 Bxe6 29. Rxe6+ Kd7 30. Bf4 Rf8 31. Rd6+ Kc8 32. Ne6 1-0

[Event "3. Open de Calviá 2006 Aficionados"]
[Site "Calvia ESP"]
[Date "2006.10.18"]
[Round "8.11"]
[White "Fokin, Sergey"]
[Black "Ruiz Vinals, Matias"]
[Result "1-0"]
[WhiteElo "2157"]
[BlackElo "2030"]
[PlyCount "77"]
[EventDate "2006.10.20"]
[EventType "swiss"]
[EventRounds "9"]
[EventCountry "ESP"]
[Source "lmi"]
[SourceDate "2006.10.20"]

1. d4 d5 2. c4 e6 3. g3 c6 4. Bg2 Nf6 5. Qc2 Be7 6. Nf3 Nbd7 7. O-O O-O 8. Nbd2
a6 9. e4 dxe4 10. Nxe4 c5 11. Nc3 cxd4 12. Nxd4 Qc7 13. Qe2 Re8 14. b3 Bf8 15.
Bb2 Nc5 16. Nc2 Bd7 17. Rad1 Bc6 18. Ne3 Bxg2 19. Kxg2 h6 20. f3 Nh7 21. Ng4
Nd7 22. Rd2 Rad8 23. Rfd1 Be7 24. Nf2 h5 25. Nce4 Ndf8 26. Bd4 e5 27. Bb2 h4
28. Nc3 Rxd2 29. Rxd2 Bg5 30. Nd5 Qc6 31. Rd1 Ng6 32. Qe4 Bh6 33. Ng4 h3+ 34.
Kh1 Ng5 35. Qf5 Qc5 36. Nxh6+ gxh6 37. Nf6+ Kh8 38. Nxe8 Qe3 39. Qf6+ 1-0